Statistiken für Top 10 der trockensten Länder

Klicken Sie hier um das Quiz zu spielen!

Allgemein

  • Dieses Quiz wurde 200 mal gespielt
  • Das Durchschnittsergebnis liegt bei 8 aus 10

Antwortstatistiken

mm/JahrKontinentLand% Korrekt
89AfrikaAlgerien
94%
18AfrikaÄgypten
91%
56AfrikaLibyen
91%
59AsienSaudi-Arabien
90%
74AsienKatar
86%
111AsienJordanien
79%
121AsienKuwait
78%
78AsienVereinigte Arabische Emirate
78%
83AsienBahrain
77%
92AfrikaMauretanien
72%

Verteilung der Resultate

Perzentil nach korrekt beantworteten Fragen

Anzahl Personen mit jedem Resultat

Ihre Resultats-Entwicklung

Sie haben dieses Quiz noch nicht gespielt